000 00318nam a22001337a 4500
008 180920b xxu||||| |||| 00| 0 eng d
020 _a9781557981943
041 _aeng
080 _a370
100 _a47
101 _aEDU
245 _aDissertation And Theses From Start To Finish
_cJohn.C.D
942 _2udc
_cBK
999 _c48140
_d48140